Mots espagnol - Statistiques

Statistiques générales
  • Ce quiz a été pris 77 fois
  • Le résultat moyen est 34 sur 266
Statistiques - réponses
Hint Réponse % Correct
île isla
52%
sud sur
49%
porte puerta
42%
Japon Japon
36%
église iglesia
34%
raison razon
34%
victime victima
33%
moche feo
31%
enfer infierno
31%
vent viento
31%
maquillage maquillaje
30%
rare raro
30%
voix voz
30%
jupe falda
28%
meuble mueble
28%
roche roca
28%
accident accidente
27%
nerveux nervioso
27%
rat rata
27%
sol suelo
27%
fantôme fantasma
25%
sombre oscuro
25%
boulangerie panaderia
25%
réservation reserva
25%
toit techo
25%
rendez-vous cita
24%
corriger corregir
24%
glace (ice cream) helado
24%
herbe hierba
24%
koala koala
24%
valise maleta
24%
pont puente
24%
chimie quimica
24%
séparer separar
24%
valeur valor
24%
feuille hoja
22%
innocent inocente
22%
passeport pasaporte
22%
règle regla
22%
réponse respuesta
22%
ombre sombra
22%
tôt temprano
22%
magasin tienda
22%
touriste turista
22%
urgent urgente
22%
huile aceite
21%
sorcière bruja
21%
boîte caja
21%
glace (ice) hielo
21%
fumée humo
21%
langage idioma
21%
illégal ilegal
21%
canard pato
21%
horloge reloj
21%
peut-être tal vez / quizas
21%
typique tipico
21%
chausson / basket zapatilla
21%
dragon dragon
19%
escalier escalera
19%
argent (métal) plata
19%
récupérer recuperar
19%
résoudre resolver
19%
respect respeto
19%
soldat soldado
19%
non plus tampoco
19%
tour torre
19%
avocat abogado
18%
faible debil
18%
usine fabrica
18%
frais fresco
18%
impatient impaciente
18%
tasse taza
18%
uniforme uniforme
18%
coton algodon
16%
bilingue bilingue
16%
écharpe bufanda
16%
faire confiance / confier confiar
16%
crime crimen
16%
fantaisie fantasia
16%
girafe jirafa
16%
justifier justificar
16%
luxe lujo
16%
bois madera
16%
détester odiar
16%
profil perfil
16%
recette receta
16%
salaire salario
16%
sauvage salvaje
16%
tatouage tatuaje
16%
olive aceituna
15%
fontaine fuente
15%
honnête honesto
15%
imprimer imprimir
15%
jouet juguete
15%
demander pedir
15%
pilote piloto
15%
brûlé quemado
15%
cassé roto
15%
le son sonido
15%
tyran tirano
15%
vide vacio
15%
peu cher barato
13%
détails detalles
13%
discuter discutir
13%
fidèle fiel
13%
guide guia
13%
juge juez
13%
pierre piedra
13%
pingouin pinguino
13%
protéger proteger
13%
brûler quemar
13%
sacré sagrado
13%
sweater / pull sueter
13%
vallée valle
13%
veine vena
13%
ordures basura
12%
ivre borracho
12%
escargot caracol
12%
impressioner impresionar
12%
ingénieur ingeniero
12%
jeunesse juventud
12%
lourd pesado
12%
racine raiz
12%
Royaume-Uni Reino Unido
12%
routine rutina
12%
serviette toalla
12%
avantage ventaja
12%
vinaigre vinagre
12%
mariage boda
10%
chaîne cadena
10%
chasser cazar
10%
cuir cuero
10%
pousser empujar
10%
grippe gripe
10%
lindo / guapo joli
10%
laine lana
10%
animal de compagnie mascota
10%
sac à dos mochila
10%
nouvelles noticias
10%
terrasse terraza
10%
déjeuner almuerzo
9%
fin (pas large) delgado
9%
fièvre fiebre
9%
casquette gorra
9%
blessure herida
9%
foie higado
9%
manche (chemise) manga
9%
mesurer medir
9%
mouillé mojado
9%
oxygène oxigeno
9%
passager pasajero
9%
plomb plomo
9%
signal senal
9%
taille tamano
9%
encre tinta
9%
le vol vuelo
9%
gaucher / droitier zurdo / diestro
9%
amandes almendras
7%
effrayé asustado
7%
crevette camaron
7%
chameau camello
7%
castor castor
7%
cheminée chimenea
7%
inondation inundacion
7%
investir invertir
7%
retraite jubilacion
7%
voleur ladron
7%
langouste langosta
7%
mature maduro
7%
fruit de mer marisco
7%
affaires negocios
7%
sentir (odeur) oler
7%
mouton oveja
7%
couloir pasillo
7%
poussière polvo
7%
couvercle tapa
7%
vaccin vacuna
7%
gai alegre
6%
au-dessus arriba
6%
autruche avestruz
6%
hibou buho
6%
blague chiste
6%
arrêter detener
6%
enervé enojado
6%
compétence habilidad
6%
taxe impuesto
6%
indépendant indepediente
6%
influencer influir
6%
miracle milagro
6%
embêter molestar
6%
chauve-souris murcielago
6%
obèse obeso
6%
péage (toll) peaje
6%
inquiet preocupado
6%
plaindre quejar
6%
arroser / arrosoir regar / regadera
6%
retirer retirar
6%
reins rinones
6%
drap / savane sabanas
6%
parfum / goût sabor
6%
jungle selva
6%
gravir subir
6%
transpirer sudar
6%
craindre temer
6%
accente acento
4%
hébergement alojamiento
4%
écureuil ardilla
4%
réparer arreglar
4%
prévenir avisar
4%
gelé congelado
4%
attentioné cuidadoso
4%
diamant diamente
4%
ambassade embajada
4%
boîte de conserve lata
4%
moutard mostaza
4%
ranger ordenar
4%
perroquet papagayo
4%
colis paquete
4%
paresseux perezoso
4%
boisson fraîche refresca
4%
retourner regresar
4%
meeting reunion
4%
tremblement de terre terremoto
4%
lancer tirar
4%
taupe topo
4%
trottoir acera
3%
être d'accord acordar
3%
short bajo
3%
citrouille calabaza
3%
kangourou canguro
3%
cimetière cimenterio
3%
réduction descuento
3%
cracher escupir
3%
ver de terre gusano
3%
outil herramienta
3%
bouillir hervir
3%
esprit mente
3%
brouillard niebla
3%
évident obvio
3%
chenille oruga
3%
dindon pavo
3%
un prêt prestamo
3%
détendre relajar
3%
kidnapper secuestar
3%
graine semilla
3%
vengeance venganza
3%
chemisier blusa
1%
courgette calabacio
1%
cadenas candado
1%
confus confundido
1%
hôte huesped
1%
pressing lavenderia
1%
maltraiter maltraer
1%
comprimé pastilla
1%
stylo pluma
1%
ticket de caisse recibo
1%
sandales sandalias
1%
carton tarjeta
1%
avaler tragar
1%
tenue traje
1%
secret / astuce truco
1%
pois frijoles
0%
piece pedazo
0%
le gras tocino
0%
Aucun quiz correspondant
Distribution des résultats
% des personnes avec chaque résultat
Percentile par nombre de réponses
Votre historique - résultats
Vous n’avez pas pris ce quiz